000 00326nam a22001337a 4500
008 170504b xxu||||| |||| 00| 0 eng d
020 _a9780131198777
041 _aeng
080 _24 ED
_a343.9
100 _a13
101 _aSHJ
245 _aCRIMINAL INVESTIGATION THE ART AND SCIENCE
_cLYMAN.M.D
942 _2udc
_cBK
999 _c12626
_d12626